000 00947nam a22003257a 4500
005 20160201054339.0
006
008 130214s2012 nyua obf 001 0 eng d
020 _a9780071778282
020 _a0071778284
020 _a9780071778299 (eISBN)
020 _a0071778292 (eMHID)
041 0 _aeng
080 _a004
100 1 _aPlunkett, Tom.
245 1 0 _aOracle exalogic elastic cloud handbook
_cTom Plunkett, TJ Palazzolo, Tejas Joshi ; technical editors, Paul Done, Jeff Savit.
256 _aComputer document.
260 _aNew York :
_bMcGraw-Hill,
_c2012
300 _a317 f.:
_bme il.;
_c23 cm
505 _aIndex: f. 297 - 317
650 0 _aKompjuterat
650 0 _aProgramim
655 7 _aElectronic books.
_2lcsh
655 0 _aElectronic books.
700 1 _aPalazzolo, T. J.
700 1 _aJoshi, Tejas.
700 1 _aDone, Paul.
700 1 _aSavit, Jeffrey.
942 _2udc
_cBK
999 _c678
_d678